000 00553nam a2200217Ia 4500
005 20250923145855.0
008 008 250917s9999 xx 000 0 eng d
037 _aTextual
040 _aDSWL
_beng
_cDSWL
041 _aeng
_2eng
084 _aS, N79;1
_qDSWL
100 _aHil, Gard
_9839808
245 0 _aIntroduction to psychology
_c by Gard Hil
250 _a7th
260 _aNew York
_bNew York
_c1979
300 _a653p.
365 _aUSD
_b21.95
925 _g21.95
942 _cTEXL
_hS, N79;1
999 _c1456762
_d1456762